000 00293nam a2200109 a 4500
005 20200930080223.0
008 120309s1983 000 spa d
020 _a8400052382
245 3 _aLa diplomacia vaticana y la EspaƱa de Franco 1936-1945.
260 _aMadrid,
_c1983.
999 _c36712
_d36712
040 _aDO-SdBNP